00575nam a2200181Ia 450000500170000000800410001702000140005804000190007204100120009108200150010324500970011826000390021530000230025465000450027765100360032270000250035885000100038320220708144957.0131103s9999 xx 000 0 und d cRs.300.00 aLoreto College aEnglish a307.7bDAS aUrbanization migration and rural changeb a study of West Bengal cedited by Biplab Dasgupta aCalcuttabA, Mukherjee & co.c1988 a523p.b ill.tables aUrbanization and Migration - West Bengal aRural Communities - West Bengal aDasgupta, Biplab,ed. aLCLIB